Devine le pays en 3 mots #2 - Statistiques

Statistiques générales
  • Ce quiz a été pris 344 fois
  • Le résultat moyen est 9 sur 10
Statistiques - réponses
3 mots Série % Correct
Biergarten, Berlin, Autobahn Allemagne
100%
Pyramides, Pharaons, Désert Égypte
100%
Mythologie, Îles, Parthénon Grèce
100%
Épices, Taj Mahal, Yoga Inde
100%
Tacos, Maya, Tequila Mexique
100%
Reine, Fish, Big Ben Angleterre
98%
Ikea, Vikings, Nature Suède
97%
Apartheid, Safari, Vignobles Afrique du Sud
86%
Tango, Steak, Andes Argentine
77%
Temples, Tuk-tuk, Curry Thaïlande
68%
Aucun quiz correspondant
Distribution des résultats
% des personnes avec chaque résultat
Percentile par nombre de réponses
Votre historique - résultats
Vous n’avez pas pris ce quiz